Central Library OPAC University of Rajshahi

Village Arbitration in Bangladesh : (Record no. 78553)

MARC details
000 -LEADER
fixed length control field 01100nam a2200265 a 4500
001 - CONTROL NUMBER
control field 78553
003 - CONTROL NUMBER IDENTIFIER
rucl marc code BD-RjUL
005 - DATE AND TIME OF LATEST TRANSACTION
control field 20211209083137.0
008 - FIXED-LENGTH DATA ELEMENTS--GENERAL INFORMATION
fixed length control field 211004s2000 bg a|||| m||| 00| 0 eng d
035 ## - SYSTEM CONTROL NUMBER
System control number (BD-RjUL)78779
040 ## - CATALOGING SOURCE
Original cataloging agency BD-RjUL
Language of cataloging eng
Transcribing agency BD-RjUL
Modifying agency BD-RjUL
041 ## - LANGUAGE CODE
Language code of text/sound track or separate title eng
082 ## - DEWEY DECIMAL CLASSIFICATION NUMBER
Classification number 303.60954924
Author mark and year SAV 2000
Edition number 23
100 ## - MAIN ENTRY--PERSONAL NAME
Personal name Sarkar, Md. Zulfikar Ali
9 (RLIN) 248861
245 10 - TITLE STATEMENT
Title Village Arbitration in Bangladesh :
Remainder of title A case Study of Baraigram union in Natore District /
Statement of responsibility, etc. Md. Zulfikar Ali Sarkar ;
Linkage Supervisor : Muhammad Mizanuddin
260 ## - PUBLICATION, DISTRIBUTION, ETC. (IMPRINT)
Place of publication, distribution, etc. Rajshahi :
Name of publisher, distributor, etc. Department of Sociology, University of Rajshahi,
Date of publication, distribution, etc. 2000
300 ## - PHYSICAL DESCRIPTION
Pagination iv, [5], 131 Leaves :
Illustrations ill. ;
Size 29 cm.
502 ## - DISSERTATION NOTE
Dissertation note Thesis (M. Phil.) -- Department of Sociology, University of Rajshahi, 2000
504 ## - BIBLIOGRAPHY, ETC. NOTE
Bibliography, etc Bibliography : Leaves [112] - 116
600 ## - SUBJECT ADDED ENTRY--PERSONAL NAME
Personal name
650 ## - SUBJECT ADDED ENTRY--TOPICAL TERM
Topical term or geographic name as entry element Arbitration and award
Geographic subdivision Bangladesh
-- Natore District
-- Baraigram union
9 (RLIN) 248862
Topical term or geographic name as entry element Social conflict.
Geographic subdivision Bangladesh
-- Natore District
-- Baraigram union
9 (RLIN) 248912
700 ## - ADDED ENTRY--PERSONAL NAME
Personal name Mizanuddin, Muhammad, Supervisor
942 ## - ADDED ENTRY ELEMENTS (KOHA)
Source of classification or shelving scheme Dewey Decimal Classification
Koha item type Theses
Holdings
Lost status Source of classification or shelving scheme Damaged status Not for loan Collection code Permanent Location Current Location Shelving location Date acquired Source of acquisition Total Checkouts Full call number Date last seen Copy number Koha item type
  Dewey Decimal Classification   Not For Loan Theses Central Library, University of Rajshahi Central Library, University of Rajshahi Documentation Section 20/04/2002 Controller of Exam., R.U.   THE 303.60954924 SAV 2000 04/10/2021 C-1 Theses